Misty's Pokemon - Statistics

General Stats
  • This quiz has been taken 11 times
  • The average score is 13 of 31
Answer Stats
She uses it in Answer % Correct
Kanto Starmie
100%
Kanto Staryu
100%
Kanto Vaporeon
89%
Johto Golduck
78%
Kanto Psyduck
78%
Unova Seaking
78%
Stadium Seel
78%
Kanto Dewgong
67%
Kanto Gyarados
56%
Stadium Horsea
56%
Stadium 2 Politoed
56%
Stadium 2 Poliwhirl
56%
Stadium Seadra
56%
Johto Lanturn
44%
Johto Lapras
44%
Unova Blastoise
33%
Stadium 2 Togetic
33%
Stadium Exeggutor
22%
Unova Jellicent
22%
Johto Quagsire
22%
Unova Slowbro
22%
Stadium 2 Sunflora
22%
Stadium 2 Wigglytuff
22%
Stadium 2 Ampharos
11%
Unova Carracosta
11%
Stadium 2 Dragonair
11%
Stadium Dugtrio
11%
Johto Floatzel
11%
Johto Milotic
11%
Stadium 2 Nidoqueen
11%
Unova Swanna
11%
No matching quizzes found
Score Distribution
Percent of People with Each Score
Percentile by Number Answered
Your Score History
You have not taken this quiz